00000000nam##2200000za#4500
0019.663021
003CaOODSP
00520210615120843
007ta
008150407|2001||||xxc|||||     f|0| 0 eng|d
020 |a0-662-65942-2
040 |aCaOODSP|beng
041 |aeng
041 |afre
043 |an-cn---
0861 |aH21-172/2001
1101 |aCanada.|bHealth Canada. |bHealth Policy and Communications Branch.
24510|aHealth expenditures in Canada by age and sex, 1980-81 to 2000-01: report
260 |aOttawa - Ontario : |bHealth Canada. |c2001.
300 |a82p. : |bfigs., tables ; |c28 cm.
546 |aBilingual
563 |aSpiral binding
590 |a01-42|b2001-10-19
69007|aCosts|2gcpds
69007|aHealth care industry|2gcpds
7760#|tDépenses de santé au Canada selon l'âge et le sexe, 1980-1981 à 2000-2001 : |w(CaOODSP)9.675758
792 |tDépenses de santé au Canada selon l'âge et le sexe, 1980-1981 à 2000-2001: rapport |efre|w(CaOODSP)9.663022